Decentralizované modelovanie používateľa pre personalizované odporúčanie

Na minha lista:
Detalhes bibliográficos
Autor principal: Senko, Jakub (Author)
Outros Autores: Kompan, Michal (Thesis advisor)
Formato: Manuscrito Livro
Idioma:eslovaco
Publicado em: 2016
Assuntos:
Acesso em linha:http://is.stuba.sk/zp/portal_zp.pl?podrobnosti=106640
Tags: Adicionar Tag
Sem tags, seja o primeiro a adicionar uma tag!

MARC

LEADER 00000ntm a22000003a 4500
001 stuzp59194
003 SK-STU
005 20160831154518.5
007 ta
008 150427s2015----xo-----f-mn---000-0-slo-d
040 |a STU  |b slo 
041 0 |a slo 
100 1 |a Senko, Jakub  |u 070200  |4 aut  |U FIIT Fakulta informatiky a informačných technológií  |T FIIT Ústav informatiky, informačných systémov a softvérového inžinierstva  |X 72349  |U I200  |Y 179  |7 72349 
242 0 1 |a Decentralized user model for personalized recommendation  |y eng 
245 1 0 |a Decentralizované modelovanie používateľa pre personalizované odporúčanie 
260 |c 2016 
650 4 |a model používateľa  |2 slo 
650 4 |a súkromie  |2 slo 
650 4 |a pravdepodobnostné rozdelenia  |2 slo 
650 4 |a odporúčanie  |2 slo 
650 4 |a user model  |2 eng 
650 4 |a recommendation  |2 eng 
650 4 |a privacy  |2 eng 
650 4 |a probability distribution  |2 eng 
700 1 |a Kompan, Michal  |u 070200  |k Z1  |4 ths  |U FIIT Fakulta informatiky a informačných technológií  |T FIIT Ústav informatiky, informačných systémov a softvérového inžinierstva  |X 29626  |U I200  |Y 179  |7 29626 
856 4 |u http://is.stuba.sk/zp/portal_zp.pl?podrobnosti=106640 
996 |b 284ID00192  |c I*BAP 45/2016  |l II680  |s P  |a 0  |w stuzp59194_0001 
SQL |a stuzp59194  |b DBP  |c SLO  |d Decentralizované modelovanie používateľa pre personalizované odporúčanie  |e 72349  |f Senko, Jakub  |g 070200  |h 29626  |i Kompan, Michal  |j 20160622  |k 202  |l 07  |m http://is.stuba.sk/zp/portal_zp.pl?podrobnosti=106640  |n B-INFO  |o 9.2.1. informatika